[Event "Terrassa Barad op"]
[Site "Terrassa"]
[Date "2013.??.??"]
[Round "4"]
[White "Farell Duran, Josep"]
[Black "Martin Aguilar, Francisco Manuel"]
[Result "0-1"]
[WhiteElo "1537"]
[BlackElo "1810"]
[PlyCount "70"]
[EventDate "2013.10.18"]
[EventType "swiss"]
[EventRounds "8"]
[EventCountry "ESP"]
[SourceTitle "EXT 2015"]
[Source "ChessBase"]
[SourceDate "2014.11.20"]
[SourceVersion "1"]
[SourceVersionDate "2014.11.20"]
[SourceQuality "1"]

1. c4 e6 2. Nf3 d5 3. cxd5 exd5 4. d4 Nf6 5. Nc3 c6 6. a3 Bd6 7. e3 0-0 8. Be2 Bf5 9. 0-0 Nbd7 10. Nh4 Bg6 11. f4 Be4 12. Bd3 Re8 13. Nf3 Bxd3 14. Qxd3 Ne4 15. Nd2 Ndf6 16. Ndxe4 Nxe4 17. Nxe4 Rxe4 18. Rf3 a5 19. Bd2 a4 20. Rc1 Qe7 21. Rh3 f5 22. Qf1 g6 23. Qf2 h5 24. Qg3 Kf7 25. Qf3 Qf6 26. Bc3 Bc7 27. Bb4 Ba5 28. Bxa5 Rxa5 29. Qf2 Rb5 30. Rc2 Rb3 31. Rc3 Rxc3 32. bxc3 Qe7 33. Qg3 Qxa3 34. Qg5 Qc1+ 35. Kf2 Qd2+ 0-1

[Event "Terrassa Barad op"]
[Site "Terrassa"]
[Date "2013.??.??"]
[Round "3"]
[White "Martin Aguilar, Francisco Manuel"]
[Black "Garcia Bueno, Robert"]
[Result "0-1"]
[WhiteElo "1810"]
[BlackElo "1806"]
[PlyCount "70"]
[EventDate "2013.10.18"]
[EventType "swiss"]
[EventRounds "8"]
[EventCountry "ESP"]
[SourceTitle "EXT 2015"]
[Source "ChessBase"]
[SourceDate "2014.11.20"]
[SourceVersion "1"]
[SourceVersionDate "2014.11.20"]
[SourceQuality "1"]

1. c4 g6 2. Nc3 Bg7 3. g3 Nf6 4. Bg2 0-0 5. e4 d6 6. Nge2 c5 7. d3 Nc6 8. 0-0 Bd7 9. h3 Qc8 10. Kh2 Nh5 11. Nf4 Bxc3 12. bxc3 Ng7 13. Nd5 Ne8 14. Bh6 Ng7 15. f4 f5 16. Qd2 e6 17. Ne3 Re8 18. g4 Ne7 19. d4 Rb8 20. Rad1 Bc6 21. d5 exd5 22. exd5 Bd7 23. Bf3 Kf7 24. Rg1 Ng8 25. Bxg7 Kxg7 26. gxf5 Bxf5 27. Nxf5+ Qxf5 28. Bg4 Qe4 29. Be6 Nf6 30. f5 Qxc4 31. fxg6 h6 32. Rgf1 Rf8 33. Rf4 Ne4 34. Qd3 Qxd3 35. Rxd3 Rxf4 0-1

[Event "Terrassa Barad op"]
[Site "Terrassa"]
[Date "2013.??.??"]
[Round "7"]
[White "Martin Aguilar, Francisco Manuel"]
[Black "Martinez Ferrer, Albert"]
[Result "0-1"]
[WhiteElo "1810"]
[BlackElo "1826"]
[PlyCount "78"]
[EventDate "2013.10.18"]
[EventType "swiss"]
[EventRounds "8"]
[EventCountry "ESP"]
[SourceTitle "EXT 2015"]
[Source "ChessBase"]
[SourceDate "2014.11.20"]
[SourceVersion "1"]
[SourceVersionDate "2014.11.20"]
[SourceQuality "1"]

1. c4 d5 2. e3 Nf6 3. Nf3 Bg4 4. d4 e6 5. Nc3 c6 6. Bd2 dxc4 7. Bxc4 Be7 8. 0-0 Nbd7 9. Rc1 Nb6 10. Bd3 0-0 11. Qc2 Nbd5 12. a3 Nxc3 13. Bxc3 Bxf3 14. gxf3 Qd5 15. e4 Qh5 16. Qe2 Rfe8 17. Kh1 Nd7 18. Rg1 Bg5 19. Rxg5 Qxg5 20. Rg1 Qh5 21. e5 f5 22. Qe3 h6 23. Be2 Kh7 24. f4 Qf7 25. Qh3 Rg8 26. Bb4 c5 27. Bxc5 Nxc5 28. dxc5 Rad8 29. Qc3 g5 30. fxg5 Rxg5 31. Rxg5 hxg5 32. b4 g4 33. a4 Kg6 34. Kg2 Qd7 35. b5 Qd5+ 36. Kg3 Rh8 37. h4 Qh1 38. Kf4 Rxh4 39. Ke3 Rh3+ 0-1

[Event "Terrassa Barad op"]
[Site "Terrassa"]
[Date "2013.??.??"]
[Round "8"]
[White "Martin Aguilar, Francisco Manuel"]
[Black "Nicolas Vallellano, Emiliano"]
[Result "0-1"]
[WhiteElo "1810"]
[BlackElo "1743"]
[PlyCount "76"]
[EventDate "2013.10.18"]
[EventType "swiss"]
[EventRounds "8"]
[EventCountry "ESP"]
[SourceTitle "EXT 2015"]
[Source "ChessBase"]
[SourceDate "2014.11.20"]
[SourceVersion "1"]
[SourceVersionDate "2014.11.20"]
[SourceQuality "1"]

1. c4 Nf6 2. Nc3 e5 3. g3 Bb4 4. Bg2 0-0 5. e3 Re8 6. Nge2 c6 7. 0-0 d5 8. Qb3 Bxc3 9. bxc3 dxc4 10. Qxc4 Be6 11. Qb4 Qc8 12. d4 e4 13. c4 Na6 14. Qc3 b5 15. cxb5 cxb5 16. Bd2 Bc4 17. Rfe1 Nc7 18. Qb2 Qf5 19. Ba5 Ncd5 20. h3 h5 21. a4 bxa4 22. Rxa4 Rec8 23. Rea1 Bd3 24. Rc1 a6 25. Nc3 Nxc3 26. Rxc3 Rcb8 27. Rb3 Rxb3 28. Qxb3 Bb5 29. Ra1 Rc8 30. Bb4 Rc4 31. Bc5 Nd5 32. Qb2 Nc3 33. Bf1 Na4 34. Rxa4 Rxa4 35. Bg2 Qd5 36. Qc2 Ra1+ 37. Kh2 Bd3 38. Qb2 Re1 0-1

[Event "Terrassa Barad op"]
[Site "Terrassa"]
[Date "2013.??.??"]
[Round "2"]
[White "Pascual Bonfill, Albert"]
[Black "Martin Aguilar, Francisco Manuel"]
[Result "1/2-1/2"]
[WhiteElo "1498"]
[BlackElo "1810"]
[PlyCount "69"]
[EventDate "2013.10.18"]
[EventType "swiss"]
[EventRounds "8"]
[EventCountry "ESP"]
[SourceTitle "EXT 2015"]
[Source "ChessBase"]
[SourceDate "2014.11.20"]
[SourceVersion "1"]
[SourceVersionDate "2014.11.20"]
[SourceQuality "1"]

1. d4 d5 2. c4 e6 3. Nf3 c6 4. Nc3 dxc4 5. e4 b5 6. a3 Bb7 7. Be3 a6 8. b4 Nf6 9. Qc2 a5 10. bxa5 Qxa5 11. Bd2 Bb4 12. Be2 Qb6 13. a4 Bxc3 14. Bxc3 b4 15. Qb2 Nxe4 16. Qxb4 Qxb4 17. Bxb4 Na6 18. Ba5 c3 19. Bd3 c5 20. Bxe4 Bxe4 21. Bxc3 Nb4 22. Bxb4 cxb4 23. Kd2 Ke7 24. Ke3 Bg6 25. Ne5 b3 26. Nxg6+ hxg6 27. Rhb1 Rxh2 28. g3 Rh5 29. Rxb3 Rha5 30. Rb4 g5 31. g4 Kf6 32. Ke4 R8a7 33. Ra3 Kg6 34. f3 Kf6 35. Ra1 1/2-1/2